00429nam a2200145Ia 4500008004100000041000900041082001800050100002200068245002500090260004000115300000800155650000800163999001700171952009500188230718s9999 xx 000 0 und d aEng. a344.05bHAG-T aHagy • De Ramil 0aTax Law's of Prusion aPakistanblabels low Thursorsc2003 a687 aLaw c29166d29166 00104070aSIRC-LbSIRC-Ld2023-07-18l0o344.05 HAG-Tp24117r2023-07-18w2023-07-18yBK